| 000 | 00463nam a22001577a 4500 | ||
|---|---|---|---|
| 005 | 20180724164953.0 | ||
| 020 |
_a8171561128 _c00 |
||
| 035 | _aB-059746, B-059745 | ||
| 037 |
_aDPL _bENG |
||
| 100 | _aTaneja, V.R. | ||
| 245 |
_aEducational thinkers / _cby V.R. Taneja and S. Taneja |
||
| 260 |
_aNew Delhi _bAtlantic Publishers and Distributors |
||
| 300 |
_av, 183p. _c20 cms. |
||
| 700 |
_aTaneja, S. _949295 |
||
| 942 |
_2ddc _cEN _h370.1 _mTAN |
||
| 999 |
_c68064 _d68064 |
||